[Event "Hannover-ch U18"]
[Site "Bueckeburg"]
[Date "2007.11.02"]
[Round "3"]
[White "Kusmierek, Phillip"]
[Black "Olkhovskiy, Vladislav"]
[Result "1-0"]
[WhiteElo "1825"]
[BlackElo "1416"]
[PlyCount "49"]
[EventDate "2007.11.01"]
[EventType "swiss"]
[EventRounds "7"]
[EventCountry "GER"]
[SourceTitle "EXT 2021"]
[Source "ChessBase"]
[SourceDate "2020.10.23"]
[SourceVersion "1"]
[SourceVersionDate "2020.10.23"]
[SourceQuality "1"]

1. e4 e5 2. f4 d5 3. exd5 exf4 4. Nf3 Nf6 5. Bb5+ Bd7 6. Bc4 Be7 7. 0-0 Bg4 8. Nc3 Qc8 9. d4 Nh5 10. Qe2 a6 11. Bd2 Nd7 12. Rae1 Qd8 13. d6 cxd6 14. Nd5 Be6 15. Nxe7 Qxe7 16. d5 Nc5 17. dxe6 f6 18. Nd4 g6 19. Bd5 Ng7 20. Bxf4 0-0 21. Rf3 Nh5 22. Bh6 Rfc8 23. Rh3 Ng7 24. Bxg7 Qxg7 25. e7+ 1-0

[Event "Niedersachsen-chT U16"]
[Site "Lingen"]
[Date "2005.05.06"]
[Round "3.2"]
[White "Vossfeldt, Michael"]
[Black "Olkhovskiy, Vladislav"]
[Result "1-0"]
[WhiteElo "1411"]
[BlackElo "1012"]
[PlyCount "119"]
[EventDate "2005.05.05"]
[EventType "team"]
[EventRounds "5"]
[EventCountry "GER"]
[SourceTitle "EXT 2007"]
[Source "ChessBase"]
[SourceDate "2006.11.23"]
[SourceVersion "1"]
[SourceVersionDate "2006.11.23"]
[SourceQuality "1"]

1. e4 c6 2. d4 d5 3. exd5 cxd5 4. Bf4 a6 5. Nf3 Nf6 6. Bd3 e6 7. 0-0 Be7 8. Nbd2 Nfd7 9. Ne5 Nxe5 10. Bxe5 Bf6 11. Nf3 Nc6 12. Bxf6 Qxf6 13. c3 Bd7 14. Re1 Na5 15. Ne5 Qe7 16. Qh5 h6 17. Re3 Rf8 18. Rg3 Qf6 19. Rf3 Qe7 20. Qg4 Qg5 21. Qxg5 hxg5 22. Bg6 Nc4 23. Nxd7 Kxd7 24. Rxf7+ Rxf7 25. Bxf7 Rf8 26. Bh5 Kc6 27. b3 Nd2 28. f3 Rc8 29. Rd1 Nxb3 30. axb3 Kd6 31. Rc1 b5 32. b4 Ra8 33. Ra1 Ke7 34. Kf2 Rh8 35. Bg4 Rxh2 36. Rxa6 Rh1 37. Rxe6+ Kf7 38. Re3 Rh6 39. Re5 Rc6 40. Rxd5 Rxc3 41. Rxb5 Rc2+ 42. Kg3 Rd2 43. d5 Ke7 44. Be6 Rd4 45. Rb7+ Kd6 46. Rxg7 Rxb4 47. Rxg5 Rd4 48. f4 Rd3+ 49. Kg4 Ke7 50. Kf5 Kd6 51. Rg8 Ke7 52. Rg7+ Kd6 53. g4 Rg3 54. Rd7+ Kc5 55. g5 Kd4 56. g6 Ke3 57. g7 Rf3 58. g8Q Rxf4+ 59. Ke5 Re4+ 60. Kd6 1-0